[Event "Wch U14 Girls rapid"]
[Site "Batumi"]
[Date "2023.06.07"]
[Round "6"]
[White "Gaszka, Zuzanna"]
[Black "Karpenkava, Palina"]
[Result "1-0"]
[WhiteElo "1681"]
[BlackElo "1298"]
[PlyCount "71"]
[EventDate "2023.06.06"]
[EventType "swiss (rapid)"]
[EventRounds "11"]
[EventCountry "GEO"]
[SourceTitle "EXT 2024"]
[Source "ChessBase"]
[SourceDate "2023.10.10"]
[SourceVersion "1"]
[SourceVersionDate "2023.10.10"]
[SourceQuality "1"]
[WhiteTeam "Poland"]
[BlackTeam "FIDE"]
[WhiteTeamCountry "POL"]

1. e4 c5 2. Nf3 d6 3. d4 cxd4 4. Nxd4 Nf6 5. Nc3 a6 6. f4 e5 7. Nf3 Nbd7 8. a4 Be7 9. Bc4 0-0 10. 0-0 exf4 11. Bxf4 Nc5 12. Bd3 Bg4 13. Kh1 Kh8 14. Qe1 Nh5 15. Be3 Nxd3 16. cxd3 f5 17. exf5 Bxf5 18. Qd2 d5 19. Nd4 Bg6 20. Rxf8+ Bxf8 21. Bg5 Qd7 22. Nf3 d4 23. Ne2 Bc5 24. Rc1 Bb6 25. a5 Ba7 26. Ne5 Qd6 27. Nxg6+ Qxg6 28. Bf4 Nxf4 29. Nxf4 Qg5 30. g3 Qe5 31. Re1 Qd6 32. Qe2 Qc6+ 33. Kg1 h6 34. Qh5 Rf8 35. Ng6+ Kg8 36. Ne7+ 1-0

[Event "Wch-ch U10 Girls rapid"]
[Site "Minsk"]
[Date "2019.08.16"]
[Round "1"]
[White "Karpenkava, Palina"]
[Black "Fedorova, Olesya"]
[Result "0-1"]
[WhiteElo "1146"]
[BlackElo "1557"]
[PlyCount "128"]
[EventDate "2019.08.16"]
[EventType "swiss (rapid)"]
[EventRounds "9"]
[EventCountry "BLR"]
[SourceTitle "EXT 2020"]
[Source "ChessBase"]
[SourceDate "2019.10.17"]
[SourceVersion "1"]
[SourceVersionDate "2019.10.17"]
[SourceQuality "1"]

1. d4 Nf6 2. Bg5 c5 3. c3 Qb6 4. Qc2 cxd4 5. cxd4 Nc6 6. e3 Qa5+ 7. Qd2 Qxg5 8. Nf3 Qa5 9. Nc3 g6 10. Be2 Bg7 11. 0-0 0-0 12. Rfe1 d5 13. Rac1 Bg4 14. a3 Bxf3 15. Bxf3 e6 16. Red1 Rac8 17. h3 a6 18. Rc2 b5 19. Rdc1 Qb6 20. Na2 Qb7 21. Be2 Ne4 22. Qe1 Na7 23. Rxc8 Rxc8 24. Nb4 Bf8 25. Nd3 Rxc1 26. Qxc1 Qc6 27. Qd1 Bd6 28. f3 Ng3 29. Kf2 Nxe2 30. Kxe2 Kf8 31. Nf2 Qc4+ 32. Qd3 Ke7 33. Ng4 h5 34. Nf2 Nc6 35. Kd2 Qxd3+ 36. Kxd3 Na5 37. Nd1 Nc4 38. g4 hxg4 39. hxg4 a5 40. b3 Nxa3 41. Kc3 b4+ 42. Kb2 Nb5 43. Nf2 Bg3 44. Nd3 Nc3 45. Kc2 Kd6 46. Nc5 Kc6 47. Nd3 Bd6 48. Kd2 Kb5 49. Kc2 a4 50. bxa4+ Kxa4 51. Nb2+ Ka3 52. Nd3 Na4 53. f4 b3+ 54. Kb1 Nc3+ 55. Kc1 Ka2 56. g5 b2+ 57. Nxb2 Ba3 58. Kc2 Bxb2 59. Kd3 Kb3 60. Kd2 Kc4 61. Kc2 Ba3 62. Kd2 Ne4+ 63. Ke2 Kc3 64. Kf3 Kd3 0-1